[Event "SE-2018-0-00277"]
[Site "LSS email"]
[Date "2018.05.30"]
[Round "?"]
[White "Drobotov, Gennady Sergeevich"]
[Black "Wilshusen, Horst"]
[Result "1-0"]
[WhiteElo "1462"]
[BlackElo "1321"]
[PlyCount "43"]
[EventDate "2018.03.26"]
[EventType "tourn (corr)"]
[EventRounds "6"]
[EventCountry "GER"]
[SourceTitle "Corr 2022"]
[Source "ChessBase"]
[SourceDate "2021.10.24"]
[SourceVersion "1"]
[SourceVersionDate "2021.10.24"]
[SourceQuality "1"]

1. d4 Nf6 2. c4 e6 3. a3 b6 4. Nc3 Bb7 5. Nf3 Be7 6. e3 Ne4 7. Nxe4 Bxe4 8. Bd3 Bxd3 9. Qxd3 f5 10. b4 0-0 11. Bb2 d6 12. e4 Nd7 13. 0-0 c5 14. exf5 exf5 15. Rfe1 g6 16. dxc5 Bf6 17. Bxf6 Nxf6 18. cxd6 Rc8 19. Rad1 Ne4 20. d7 Rc7 21. Qd5+ Kg7 22. Nd4 1-0

[Event "SE-2018-0-00277"]
[Site "LSS email"]
[Date "2018.05.30"]
[Round "?"]
[White "Shim Ng Min, Francis"]
[Black "Drobotov, Gennady Sergeevich"]
[Result "0-1"]
[WhiteElo "1247"]
[BlackElo "1462"]
[PlyCount "42"]
[EventDate "2018.03.26"]
[EventType "tourn (corr)"]
[EventRounds "6"]
[EventCountry "GER"]
[SourceTitle "Corr 2022"]
[Source "ChessBase"]
[SourceDate "2021.10.24"]
[SourceVersion "1"]
[SourceVersionDate "2021.10.24"]
[SourceQuality "1"]

1. e4 e5 2. Nf3 Nf6 3. d4 Nxe4 4. Bd3 d5 5. Nxe5 Bd6 6. 0-0 0-0 7. c4 Bxe5 8. dxe5 Nc6 9. cxd5 Qxd5 10. Qf3 Bf5 11. Nc3 Nxc3 12. Qxf5 g6 13. Qf6 Qxe5 14. Qh4 Rad8 15. Bh6 Rxd3 16. bxc3 Re8 17. h3 Qxc3 18. Rac1 Qd4 19. Rce1 Rxe1 20. Rxe1 Rd1 21. Rxd1 Qxh4 0-1

[Event "SD-2018-0-00289"]
[Site "LSS email"]
[Date "2018.05.26"]
[Round "?"]
[White "Drobotov, Gennady Sergeevich"]
[Black "Glowinski, Daniel"]
[Result "1-0"]
[WhiteElo "1462"]
[BlackElo "1380"]
[PlyCount "131"]
[EventDate "2018.02.12"]
[EventType "tourn (corr)"]
[EventRounds "6"]
[EventCountry "GER"]
[SourceTitle "Corr 2022"]
[Source "ChessBase"]
[SourceDate "2021.10.24"]
[SourceVersion "1"]
[SourceVersionDate "2021.10.24"]
[SourceQuality "1"]

1. d4 Nf6 2. c4 e6 3. a3 d5 4. e3 Be7 5. Nc3 0-0 6. Nf3 c5 7. dxc5 Bxc5 8. cxd5 exd5 9. Bd3 Nc6 10. 0-0 Bg4 11. h3 Bxf3 12. Qxf3 Ne5 13. Qf5 Re8 14. Bc2 Rc8 15. Ba4 g6 16. Qc2 Re6 17. Bb3 Rd6 18. Rd1 Qd7 19. Ba4 Qe6 20. Bb3 Bb6 21. Bd2 Kg7 22. Be1 Nc4 23. Bxc4 Rxc4 24. Qd3 Rd8 25. b3 Rcc8 26. Ne2 Ne4 27. Rac1 Rxc1 28. Rxc1 Qe5 29. Rd1 h5 30. Nc3 Kh6 31. h4 a6 32. b4 Qe6 33. Ne2 Qe7 34. g3 g5 35. hxg5+ Qxg5 36. Kg2 Bc7 37. Qc2 Bb6 38. Bd2 Rg8 39. Rh1 Qe5 40. Bc1 Bd8 41. Nf4 h4 42. Qd1 Kg7 43. Qxd5 Qxd5 44. Nxd5 Kf8 45. Bb2 Ke8 46. Rd1 f5 47. Nf4 Ke7 48. Be5 b5 49. Rd5 Bb6 50. Bb2 hxg3 51. f3 Nd6 52. Bf6+ Kd7 53. Be5 Bc7 54. Ne2 Kc6 55. Rc5+ Kd7 56. Nd4 Bb8 57. Rd5 Rg6 58. Nxf5 Ke6 59. Bxd6 Kxd5 60. Bxb8 Ke6 61. Nd4+ Ke7 62. e4 Rg8 63. e5 Kf7 64. Bd6 Kg6 65. e6 Kf6 66. f4 1-0

[Event "OP-2018-0-04590"]
[Site "LSS email"]
[Date "2018.05.22"]
[Round "?"]
[White "Stancl, Vladimir"]
[Black "Drobotov, Gennady Sergeevich"]
[Result "1-0"]
[WhiteElo "1973"]
[BlackElo "1486"]
[PlyCount "65"]
[EventDate "2018.05.13"]
[EventType "tourn (corr)"]
[EventRounds "4"]
[EventCountry "GER"]
[SourceTitle "Corr 2022"]
[Source "ChessBase"]
[SourceDate "2021.10.24"]
[SourceVersion "1"]
[SourceVersionDate "2021.10.24"]
[SourceQuality "1"]

1. c4 e5 2. Nc3 Nf6 3. Nf3 Nc6 4. g3 d5 5. cxd5 Nxd5 6. Bg2 Nxc3 7. bxc3 Bc5 8. d3 0-0 9. 0-0 Bb6 10. a4 Re8 11. Qc2 h6 12. Bb2 Bg4 13. h3 Be6 14. c4 Qd6 15. Rfd1 Rad8 16. e3 Bf5 17. a5 Bc5 18. Ne1 Nb4 19. Qa4 c6 20. Qb3 Qc7 21. d4 exd4 22. exd4 Bf8 23. Bc3 c5 24. Bxb4 cxb4 25. c5 Rxe1+ 26. Rxe1 Rxd4 27. Rac1 Qxa5 28. Bxb7 Bxh3 29. Bd5 Qc7 30. c6 a5 31. Rcd1 Rxd1 32. Qxd1 Qc8 33. Qh5 1-0

[Event "ZL-2018-0-02078"]
[Site "LSS email"]
[Date "2018.05.12"]
[Round "?"]
[White "Drobotov, Gennady Sergeevich"]
[Black "Lauer, Frederic"]
[Result "1-0"]
[WhiteElo "1419"]
[BlackElo "1129"]
[PlyCount "75"]
[EventDate "2018.04.05"]
[EventType "match (corr)"]
[EventRounds "2"]
[EventCountry "GER"]
[SourceTitle "Corr 2022"]
[Source "ChessBase"]
[SourceDate "2021.10.24"]
[SourceVersion "1"]
[SourceVersionDate "2021.10.24"]
[SourceQuality "1"]

1. d4 d5 2. c4 dxc4 3. e3 c5 4. Bxc4 cxd4 5. exd4 Nf6 6. Nf3 a6 7. 0-0 e6 8. Nc3 Be7 9. d5 exd5 10. Nxd5 Nxd5 11. Qxd5 Qxd5 12. Bxd5 0-0 13. Re1 Bf6 14. Be3 Nc6 15. Bc5 Rd8 16. Bb6 Rf8 17. Re2 Bg4 18. h3 Bxf3 19. Bxf3 Ne5 20. Bd5 Nc6 21. g3 Rac8 22. Rae1 h6 23. a3 g6 24. Kg2 Kg7 25. h4 h5 26. b4 Bc3 27. Rc1 Bf6 28. Rec2 Ne7 29. Bxb7 Rxc2 30. Rxc2 Rb8 31. Rc7 Nd5 32. Ba7 Nxc7 33. Bxb8 Nb5 34. a4 Nc3 35. a5 Na2 36. b5 axb5 37. a6 Bd4 38. Be5+ 1-0

[Event "RE-2018-0-00199"]
[Site "LSS email"]
[Date "2018.04.08"]
[Round "?"]
[White "Drobotov, Gennady Sergeevich"]
[Black "Cabrera Trujillo, Claudio Tomas"]
[Result "1-0"]
[WhiteElo "1462"]
[BlackElo "1428"]
[PlyCount "77"]
[EventDate "2018.01.21"]
[EventType "tourn (corr)"]
[EventRounds "6"]
[EventCountry "GER"]
[SourceTitle "Corr 2022"]
[Source "ChessBase"]
[SourceDate "2021.10.24"]
[SourceVersion "1"]
[SourceVersionDate "2021.10.24"]
[SourceQuality "1"]

1. d4 Nf6 2. c4 g6 3. Nf3 Bg7 4. Nc3 d5 5. cxd5 Nxd5 6. e4 Nxc3 7. bxc3 c5 8. Be3 Bg4 9. Rc1 Qa5 10. Qb3 Qc7 11. Bc4 0-0 12. Ng5 e5 13. d5 Qb6 14. Ne6 Qxb3 15. axb3 fxe6 16. h3 b5 17. Bxb5 exd5 18. hxg4 a6 19. Ra1 d4 20. Bd2 Kh8 21. f3 Ra7 22. Ke2 Rd8 23. Ra5 Bf8 24. Rha1 Kg7 25. Bc4 Bd6 26. g5 Rb7 27. cxd4 cxd4 28. Rd5 Rdd7 29. g3 Rbc7 30. f4 Rc5 31. Rxc5 Bxc5 32. Bd5 Bd6 33. f5 Rc7 34. f6+ Kf8 35. Rf1 Nd7 36. Rh1 Nb6 37. Be6 Na8 38. Ba5 Ra7 39. Bd5 1-0